Daily Capital City Riddle #6 - Statistics

General Stats
  • This quiz has been taken 108 times
  • The average score is 30 of 32
Answer Stats
Type Answer % Correct
Found Letter A
100%
Alphabet Letter D
100%
Alphabet Letter G
100%
Alphabet Letter I
100%
Alphabet Letter N
100%
Alphabet Letter O
100%
Correctly Placed Letter A
99%
Alphabet Letter B
99%
Alphabet Letter C
99%
Alphabet Letter E
99%
Alphabet Letter H
99%
Found Letter L
99%
Alphabet Letter R
99%
Alphabet Letter S
99%
Alphabet Letter M
97%
Found Letter P
97%
Alphabet Letter T
97%
Alphabet Letter W
97%
Alphabet Letter U
96%
Correctly Placed Letter A
95%
Alphabet Letter K
93%
Alphabet Letter J
92%
Correctly Placed Letter L
92%
Alphabet Letter V
92%
Alphabet Letter Y
92%
Alphabet Letter F
89%
Found Letter Z
89%
Alphabet Letter X
88%
Mystery Capital La Paz
87%
Correctly Placed Letter P
87%
Alphabet Letter Q
87%
Correctly Placed Letter Z
87%
No matching quizzes found
Score Distribution
Percent of People with Each Score
Percentile by Number Answered
Your Score History
You have not taken this quiz